Central Library OPAC University of Rajshahi

Select letters of St. Jerome / (Record no. 86061)

MARC details
000 -LEADER
fixed length control field 00947nam a2200277 a 4500
001 - CONTROL NUMBER
control field 86061
003 - CONTROL NUMBER IDENTIFIER
rucl marc code BD-RjUL
005 - DATE AND TIME OF LATEST TRANSACTION
control field 20260104144945.0
008 - FIXED-LENGTH DATA ELEMENTS--GENERAL INFORMATION
fixed length control field 260104r19541933enk 000 0 eng
035 ## - SYSTEM CONTROL NUMBER
System control number (BD-RjUL)86061
040 ## - CATALOGING SOURCE
Original cataloging agency DLC
Transcribing agency CarP
Modifying agency DLC
-- BD-RjUL
Language of cataloging eng
041 1# - LANGUAGE CODE
Language code of text/sound track or separate title eng
Language code of original lat
082 ## - DEWEY DECIMAL CLASSIFICATION NUMBER
Edition number 23
Classification number 886
Author mark and year JES 1954
100 0# - MAIN ENTRY--PERSONAL NAME
Personal name Jerome,
Dates associated with a name -419 or 420.
9 (RLIN) 17548
245 10 - TITLE STATEMENT
Title Select letters of St. Jerome /
Statement of responsibility, etc. with an English translation by F.A. Wright.
260 ## - PUBLICATION, DISTRIBUTION, ETC. (IMPRINT)
Place of publication, distribution, etc. London;
-- New York :
Name of publisher, distributor, etc. W. Heinemann, ltd.;
-- G. P. Putnam's sons,
Date of publication, distribution, etc. 1933, [reprinted 1954]
300 ## - PHYSICAL DESCRIPTION
Pagination xvi, 510 p.;
Size 17 cm.
336 ## - CONTENT TYPE
Content type term text
Content type code txt
Source rdacontent
337 ## - MEDIA TYPE
Media type term unmediated
Media type code n
Source rdamedia
338 ## - CARRIER TYPE
Carrier type term volume
Carrier type code nc
Source rdacarrier
600 ## - SUBJECT ADDED ENTRY--PERSONAL NAME
Personal name Jerome, Saint,
Dates associated with a name -419 or 420
650 ## - SUBJECT ADDED ENTRY--TOPICAL TERM
Topical term or geographic name as entry element Personal correspondence
Topical term or geographic name as entry element Select letters of St. Jerome.
9 (RLIN) 17550
700 1# - ADDED ENTRY--PERSONAL NAME
Personal name Wright, F. A.
Fuller form of name (Frederick Adam),
Dates associated with a name 1869-1946,
Relator term tr.
942 ## - ADDED ENTRY ELEMENTS (KOHA)
Source of classification or shelving scheme Dewey Decimal Classification
Koha item type Books
Holdings
Lost status Source of classification or shelving scheme Damaged status Not for loan Collection code Permanent Location Current Location Shelving location Date acquired Source of acquisition Cost, normal purchase price Total Checkouts Full call number Date last seen Copy number Koha item type
  Dewey Decimal Classification   Not For Loan Non-fiction Central Library, University of Rajshahi Central Library, University of Rajshahi Reading Room 10/03/1955 Sipkim Marshell 15.00   886 JES 1954 04/01/2026 C-1 Books